[Event "Chigorin Mem"]
[Site "St Petersburg RUS"]
[Date "2000.11.09"]
[Round "8"]
[White "Rychagov,A"]
[Black "Najer,E"]
[Result "1/2-1/2"]
[WhiteElo "2510"]
[BlackElo "2597"]

1.d4 Nf6 2.c4 e6 3.Nc3 Bb4 4.Qc2 O-O 5.a3 Bxc3+ 6.Qxc3 b6 7.Bg5 Bb7 8.Nf3 h6
9.Bh4 d6 10.e3 Nbd7 11.Nd2 c5 12.dxc5  1/2-1/2

[Event "Chigorin Mem"]
[Site "St Petersburg RUS"]
[Date "2000.11.10"]
[Round "9"]
[White "Najer,E"]
[Black "Yemelin,V"]
[Result "1-0"]
[WhiteElo "2597"]
[BlackElo "2510"]

1.d4 Nf6 2.Nf3 e6 3.c4 b6 4.Nc3 Bb7 5.a3 Ne4 6.Nxe4 Bxe4 7.Nd2 Bb7 8.e4 Qf6
9.d5 Qg6 10.g3 h5 11.h4 Bc5 12.Bg2 d6 13.Rb1 Nd7 14.O-O O-O 15.b4 Bd4 16.Nf3 Bf6
17.Ng5 Bxg5 18.Bxg5 Ne5 19.Rc1 Rae8 20.Bf4 Ng4 21.Qa4 e5 22.Bd2 f5 23.Qxa7 Rb8
24.c5 fxe4 25.c6 e3 26.fxe3 Qd3 27.Rcd1 Ba6 28.Qxc7 Qc2 29.Rfe1 Qf5 30.Rf1 Qc2
31.Rfe1 Be2 32.Be4 Qxe4 33.Rxe2 Qf3 34.Rde1 Nf2 35.Kh2 Ne4 36.Rg2 Ra8 37.Qd7 Rxa3
38.c7 Raa8 39.Qe6+ Kh7 40.b5 Nf6 41.Kg1 Ne4 42.Kh2 Rac8 43.Rc1 Nxd2 44.Rxd2 Qxe3
45.Rdc2 e4 46.Kh3 Qf3 47.Qxd6 Qg4+ 48.Kh2 Rf3 49.Rg2 Qf5 50.Qxb6 Re8 51.Qc6 Rf2
52.c8=Q g5  1-0

[Event "Anibal Open"]
[Site "Linares ESP"]
[Date "2001.01.15"]
[Round "8"]
[White "Najer,E"]
[Black "Sulskis,S"]
[Result "1/2-1/2"]
[WhiteElo "2616"]
[BlackElo "2501"]

1.d4 d5 2.c4 dxc4 3.Nf3 Nf6 4.Nc3 a6 5.e4 b5 6.e5 Nd5 7.a4 e6 8.axb5 Nb6
9.Be2 Be7 10.O-O O-O 11.Be3 axb5 12.Rxa8 Nxa8 13.Nxb5 Nb6 14.Qc2 Nc6 15.Qe4 Nb4
16.Qg4 f5 17.exf6 Bxf6 18.Rd1 N4d5 19.Qe4 Bb7  1/2-1/2

[Event "Anibal Open"]
[Site "Linares ESP"]
[Date "2001.01.16"]
[Round "9"]
[White "Kacheishvili,G"]
[Black "Najer,E"]
[Result "1/2-1/2"]
[WhiteElo "2556"]
[BlackElo "2616"]

1.d4 Nf6 2.c4 g6 3.g3 c6 4.Bg2 d5 5.cxd5 cxd5 6.Nf3 Bg7 7.Ne5 O-O 8.Nc3 e6
9.O-O Nfd7 10.f4 Nc6 11.Be3 Nb6 12.Bf2 Ne7 13.a4 a5 14.Qb3 Bd7 15.Nxd7 Nxd7
16.Qxb7 Rb8 17.Qa6 Rb6 18.Qd3 Rxb2 19.Rfb1 Rxb1+ 20.Rxb1 Nb6 21.Rb5 Nc6 22.Qd1 Nc4
23.Nxd5 exd5 24.Bxd5 Na7 25.Bxc4 Nxb5 26.Bxb5 Qd5 27.e4 Qxe4 28.d5 Bf6 29.d6 Kg7
30.d7 Rd8 31.h4 Qe6 32.Qd3 h5 33.Kg2 Kh7 34.Be3 Kg7 35.Kf2 Rb8 36.Qd2 Ra8
37.Bc5 Qe4 38.Bb6 Rb8 39.Be3 Qh1 40.Qd6 Qh2+ 41.Kf3 Qh1+ 42.Ke2 Qg2+ 43.Bf2 Qe4+
44.Kd2 Qg2 45.Qc5 Qe4 46.Qe3 Qb4+ 47.Ke2 Rxb5 48.axb5 Qxb5+ 49.Qd3 Qxd3+
50.Kxd3 Bd8 51.Bd4+ f6 52.Ke4 Kf7 53.f5 gxf5+ 54.Kxf5 a4 55.Bc5 Bc7 56.Ba3 Bd8
57.Bb2 Be7 58.Ba3 Bd8 59.Bb4 Be7 60.g4 hxg4 61.Kxg4  1/2-1/2

[Event "Open"]
[Site "Ubeda ESP"]
[Date "2001.01.21"]
[Round "1"]
[White "Najer,E"]
[Black "Khamrakulov,I"]
[Result "1-0"]
[WhiteElo "2616"]
[BlackElo "2416"]

1.d4 Nf6 2.Nf3 g6 3.c4 Bg7 4.Nc3 d5 5.cxd5 Nxd5 6.e4 Nxc3 7.bxc3 c5 8.Be2 O-O
9.O-O cxd4 10.cxd4 Nc6 11.Be3 Bg4 12.d5 Ne5 13.Nxe5 Bxe2 14.Qxe2 Bxe5 15.Rad1 Qa5
16.h4 Rac8 17.Bd4 Qc7 18.Qe3 Bxd4 19.Qxd4 Qc5 20.Qb2 b6 21.Rc1 Qd6 22.g3 f6
23.Kg2 Qe5 24.Qxe5 fxe5 25.Rfd1 Kf7 26.f4 exf4 27.gxf4 Rfd8 28.Kf3 Kf6 29.Ke3 e5
30.Rf1 h6 31.Kd3 exf4 32.Kd4 Rxc1 33.Rxc1 g5 34.Rc6+ Kf7 35.e5 Kg7 36.h5 f3
37.Rg6+ Kh7 38.e6 g4 39.Rxg4 Rf8 40.e7  1-0

[Event "Open"]
[Site "Ubeda ESP"]
[Date "2001.01.25"]
[Round "5"]
[White "Najer,E"]
[Black "Tseitlin,Ma"]
[Result "1/2-1/2"]
[WhiteElo "2616"]
[BlackElo "2494"]

1.e4 c5 2.Nc3 d6 3.f4 Nc6 4.Nf3 Nf6 5.Bb5 Bd7 6.e5 dxe5 7.fxe5 Ng4 8.Bxc6 Bxc6
9.e6 fxe6 10.d3 g6 11.Ng5 Nf6 12.Qe2 Qd6 13.O-O e5 14.Nce4 Nxe4 15.Nxe4 Bxe4
16.dxe4 Qd4+ 17.Be3 Qxe4 18.Rad1 Bg7 19.Qb5+ Qc6 20.Qxc6+ bxc6 21.Bxc5 Bf6
22.Kf2 Kf7 23.Rd7 Ke6 24.Rfd1 Rhb8 25.Ba3 a5 26.Rc7 Rc8 27.Rdd7 Rxc7 28.Rxc7 Ra6
29.Ke3 Kf5 30.Bxe7 Bxe7 31.Rxe7 h5 32.b3 a4 33.b4 a3 34.c3 h4 35.h3 g5 36.Rb7 Ra8
37.Rc7 Ra6 38.Kf3 Rb6 39.Ke3 Ra6 40.Rc8 Rb6 41.Rf8+ Ke6 42.Rh8 Rb7 43.Rc8 Kd5
44.Ra8 g4 45.hxg4 Rg7 46.Rxa3 Rxg4 47.Ra5+ Kd6 48.Kf2 Rf4+ 49.Ke3 Rg4  1/2-1/2

[Event "54th ch-RUS"]
[Site "Elista RUS"]
[Date "2001.04.30"]
[Round "1"]
[White "Najer,E"]
[Black "Riazantsev,A"]
[Result "1/2-1/2"]
[WhiteElo "2600"]
[BlackElo "2510"]

1.d4 e6 2.Nf3 f5 3.c4 Nf6 4.Nc3 Bb4 5.g3 O-O 6.Bg2 Bxc3+ 7.bxc3 d6 8.O-O Ne4
9.Qc2 Nc6 10.Nd2 Nxd2 11.Qxd2 e5 12.c5 e4 13.f3 exf3 14.Bxf3 dxc5 15.Ba3 Ne5
16.Bxc5 Nxf3+ 17.exf3 Re8 18.c4 b6 19.Ba3 Ba6 20.Rac1 Qd7  1/2-1/2

[Event "54th ch-RUS"]
[Site "Elista RUS"]
[Date "2001.05.01"]
[Round "2"]
[White "Makarov,M"]
[Black "Najer,E"]
[Result "1/2-1/2"]
[WhiteElo "2511"]
[BlackElo "2600"]

1.d4 Nf6 2.c4 g6 3.g3 Bg7 4.Bg2 d5 5.Nf3 dxc4 6.Na3 O-O 7.O-O Nc6 8.Nxc4 Be6
9.b3 Bd5 10.Bb2 a5 11.Rc1 a4 12.bxa4 Ra6 13.Nfe5 Bxg2 14.Kxg2 Qa8 15.Nxc6 Rxc6
16.Kg1 Ne4 17.d5 Bxb2 18.dxc6 Bxc1 19.cxb7 Qxb7 20.Qxc1 Ra8 21.a5 Nd6 22.Qc2 Nxc4
23.Qxc4 Rxa5 24.Rd1 Ra8 25.a4 c6 26.h4 h5 27.Rd3 Qc7 28.Kg2  1/2-1/2

[Event "54th ch-RUS"]
[Site "Elista RUS"]
[Date "2001.05.02"]
[Round "3"]
[White "Najer,E"]
[Black "Diu,V"]
[Result "1-0"]
[WhiteElo "2600"]
[BlackElo "2445"]

1.e4 e6 2.d4 d5 3.Nd2 c5 4.exd5 exd5 5.Ngf3 a6 6.Be2 cxd4 7.O-O Nf6 8.Nxd4 Be7
9.N2f3 Nc6 10.c3 O-O 11.Bf4 Ne4 12.Qb3 Bf6 13.Rad1 Na5 14.Qc2 Bg4 15.h3 Bh5
16.Ne5 Bxe2 17.Nxe2 Bxe5 18.Bxe5 Nc4 19.Bf4 Qa5 20.b3 Na3 21.Qd3 Rfd8 22.c4 Nc5
23.Qg3 Ne4 24.Qf3 f5 25.cxd5 Nc2 26.d6 Qxa2 27.Qd3 Nb4 28.Qc4+ Kh8 29.d7 Nc6
30.Nc3 Nxc3 31.Qxc3 Rg8 32.Rfe1 Qa3 33.Bd6 Qa5 34.Qxa5 Nxa5 35.Bc7 Nc6 36.Re6  1-0

[Event "54th ch-RUS"]
[Site "Elista RUS"]
[Date "2001.05.06"]
[Round "6"]
[White "Yakovich,Y"]
[Black "Najer,E"]
[Result "1/2-1/2"]
[WhiteElo "2577"]
[BlackElo "2600"]

1.d4 Nf6 2.c4 g6 3.Nc3 d5 4.Qb3 dxc4 5.Qxc4 Bg7 6.e4 O-O 7.Be2 Na6 8.Nf3 c5
9.d5 e6 10.O-O exd5 11.exd5 Bf5 12.Be3 Re8 13.Rad1 Qb6 14.d6 h6 15.Na4 Qc6
16.Qb5 Bd7 17.Qxc6 Bxc6 18.b3 Nd7 19.Bxa6 bxa6 20.Nxc5 Rxe3 21.fxe3 Nxc5
22.Rc1 Bxf3 23.gxf3 Ne6 24.Rc6 Rd8 25.Rxa6 Rd7 26.Rc1 Be5 27.f4 Rxd6 28.Rxa7 Bf6
29.Rc2 Kg7 30.Kf1 g5 31.f5 Nd8 32.Ra5 g4 33.e4 Rd1+ 34.Ke2 Rh1 35.Kd3 Rd1+
36.Rd2 Rc1 37.e5 Bg5 38.Rc2 Rxc2 39.Kxc2 Nc6 40.Rc5 Nd4+ 41.Kd3 Nf3 42.Ke2  1/2-1/2

[Event "2nd IECC"]
[Site "Ohrid MKD"]
[Date "2001.06.01"]
[Round "1"]
[White "Najer,E"]
[Black "Miton,K"]
[Result "1/2-1/2"]
[WhiteElo "2600"]
[BlackElo "2497"]

1.d4 Nf6 2.Nf3 g6 3.c4 Bg7 4.Nc3 O-O 5.e4 c6 6.e5 Ne8 7.Be2 d6 8.exd6 Nxd6
9.h3 Nf5 10.d5 cxd5 11.cxd5 Nd7 12.O-O Nf6 13.Bf4 Qb6 14.Qd2 Bd7 15.Rfe1 Rfd8
16.g4 Nd6 17.Bf1 Bf8 18.Be3 Qa5 19.Ne5 Be8 20.Rad1 Rac8 21.Bh6 Bxh6 22.Qxh6 Qb6
23.Rd2 a6 24.Qf4 Bb5 25.Bg2 Nd7 26.Nf3 Nc4 27.Rxe7 Qf6 28.Qxf6 Nxf6 29.Rd4 Bd7
30.Rf4 Kf8 31.d6 Nxd6 32.Rxf6 Kxe7 33.Nd5+ Kf8 34.Rxd6 Bxg4 35.Rxd8+ Rxd8
36.Ng5 Be6 37.Nc3 b5 38.Bb7 Bc8 39.Bxc8 Rxc8 40.a3 h6 41.Nge4 f5 42.Nd2 Ke7
43.Kf1 Kd6 44.f4 Kc5 45.Ke2 Re8+ 46.Kd3 Re1 47.Nf3 Rh1 48.h4 a5 49.Ke2 Kc4  1/2-1/2

[Event "2nd IECC"]
[Site "Ohrid MKD"]
[Date "2001.06.04"]
[Round "4"]
[White "Cao,S"]
[Black "Najer,E"]
[Result "0-1"]
[WhiteElo "2488"]
[BlackElo "2600"]

1.c4 e5 2.Nc3 Nc6 3.e3 Nf6 4.d4 Bb4 5.a3 Bxc3+ 6.bxc3 O-O 7.Nf3 d6 8.Be2 Bg4
9.h3 Bh5 10.O-O e4 11.Nd2 Bxe2 12.Qxe2 Na5 13.a4 b6 14.Ba3 c5 15.f4 exf3
16.Rxf3 Qe8 17.Qd3 Qe6 18.e4 Rfe8 19.Re1 Rac8 20.Bc1 Rcd8 21.Rff1 Nd7 22.Re3 Nf8
23.h4 Qg4 24.Ref3 Ng6 25.g3 Nc6 26.Kh2 Nce5 27.dxe5 Nxe5 28.Qd5 Nxf3+ 29.Rxf3 Qd7
30.Rf5 Re5 31.Qd3 Rxf5 32.exf5 Qxa4 33.Ne4 d5 34.cxd5 Qa2+ 35.Bd2 Rxd5 36.Qe3 Re5
37.Qf4 f6 38.Nf2 h5 39.Be3 Qe2 40.Bd2 a5 41.c4 a4 42.Bc3 Re3 43.Bxf6 Rf3  0-1

[Event "2nd IECC"]
[Site "Ohrid MKD"]
[Date "2001.06.05"]
[Round "5"]
[White "Najer,E"]
[Black "Wells,P"]
[Result "1/2-1/2"]
[WhiteElo "2600"]
[BlackElo "2522"]

1.e4 e5 2.Nf3 Nc6 3.Bc4 Nf6 4.d3 Be7 5.O-O O-O 6.Re1 d6 7.c3 Na5 8.Bb5 a6
9.Ba4 b5 10.Bc2 c5 11.Nbd2 Nd7 12.Nf1 Nb6 13.Ne3 Bf6 14.h3 g6 15.d4 exd4
16.cxd4 cxd4 17.Nxd4 Re8 18.Rb1 d5 19.exd5 Bb7 20.Nb3 Nxd5 21.Ng4 Nxb3 22.Rxe8+ Qxe8
23.Bxb3 Bg7 24.Bh6 Nf6 25.Bxg7 Nxg4 26.Bd4 Qe4 27.f3 Qf4 28.hxg4 Rd8 29.Bc3 Rxd1+
30.Rxd1  1/2-1/2

[Event "2nd IECC"]
[Site "Ohrid MKD"]
[Date "2001.06.07"]
[Round "7"]
[White "Najer,E"]
[Black "Sulskis,S"]
[Result "1/2-1/2"]
[WhiteElo "2600"]
[BlackElo "2530"]

1.e4 e5 2.Nf3 Nc6 3.d4 exd4 4.Nxd4 Nf6 5.Nxc6 bxc6 6.e5 Qe7 7.Qe2 Nd5 8.c4 Nb6
9.Nd2 Bb7 10.b3 O-O-O 11.Bb2 d6 12.O-O-O dxe5 13.Qxe5 Qxe5 14.Bxe5 a5 15.a4 f6
16.Bc3 Bb4 17.Bxb4 axb4 18.Be2 c5 19.Bf3 Bxf3 20.Nxf3 Kb7 21.Rxd8 Rxd8 22.Kc2 Nc8
23.Rd1 Nd6 24.Re1 h5 25.h3 Nf5 26.Re4 Nd6 27.Re3 g5 28.Re6 Rf8 29.g3 Nf5
30.g4 hxg4 31.hxg4 Nd6 32.Kd3 f5 33.gxf5 Nxf5 34.Re5 g4 35.Nd2 Nd6 36.Ke2 Kc6
37.Ne4 Nxe4 38.Rxe4 Rf3 39.Re3 Rf6 40.Rg3 Re6+ 41.Kf1 Re4 42.Rd3 Rf4 43.Kg2 Kb6
44.Kg3 Rf6 45.Re3 c6 46.Rd3 Rf8 47.Kg2 Rf7 48.Kf1 Rh7 49.Kg2 Rf7 50.Rg3 Rf4
51.Kf1 Re4 52.Re3 Rf4 53.Ke2 Rf8 54.Rg3 Re8+ 55.Kd2  1/2-1/2

[Event "2nd IECC"]
[Site "Ohrid MKD"]
[Date "2001.06.12"]
[Round "11"]
[White "Najer,E"]
[Black "Yegiazarian,A"]
[Result "1-0"]
[WhiteElo "2600"]
[BlackElo "2529"]

1.d4 Nf6 2.c4 e6 3.Nf3 d5 4.Nc3 Be7 5.Bg5 h6 6.Bxf6 Bxf6 7.e3 O-O 8.Rc1 c6
9.Bd3 Nd7 10.cxd5 exd5 11.h4 Re8 12.g4 g6 13.Kd2 Bg7 14.g5 hxg5 15.Kc2 b5
16.Kb1 Nb6 17.Ka1 Bg4 18.Be2 Bxf3 19.Bxf3 a5 20.a4 Rb8 21.axb5 cxb5 22.Be2 Nc4
23.Bf3 Nb6 24.Qb3 Nc4 25.Bxd5 a4 26.Qa2 Nd6 27.Bc6 Re6 28.Qd5 Qa5 29.Bd7 Nc4
30.Bxe6 fxe6 31.Qxe6+ Kh7 32.Rc2 Qb4 33.Nxb5 Na5 34.Na3 Nb3+ 35.Ka2 Nc5 36.Qc4 Qb7
37.Rd1 Ne4 38.Rd3 Nd6 39.Qxa4 Qf7+ 40.Rb3 Ne4  1-0

[Event "2nd IECC"]
[Site "Ohrid MKD"]
[Date "2001.06.14"]
[Round "13"]
[White "Najer,E"]
[Black "Istratescu,A"]
[Result "1/2-1/2"]
[WhiteElo "2600"]
[BlackElo "2561"]

1.e4 g6 2.d4 Bg7 3.Nf3 d6 4.Nc3 Nf6 5.Be2 O-O 6.O-O Nc6 7.Bg5 h6 8.Bh4 g5
9.Bg3 Nh5 10.d5 Nb8 11.Nd2 Nxg3  1/2-1/2

[Event "Open"]
[Site "Korinthos GRE"]
[Date "2001.07.29"]
[Round "2"]
[White "Najer,E"]
[Black "Georgiou,K"]
[Result "1-0"]
[WhiteElo "2599"]
[BlackElo "2142"]

1.d4 Nf6 2.Nf3 e6 3.c4 c5 4.d5 exd5 5.cxd5 d6 6.e4 a6 7.Bd3 g6 8.O-O Bg7
9.h3 O-O 10.a4 Nbd7 11.Nc3 Rb8 12.Bf4 Qe7 13.Re1 Ne8 14.Qd2 Nc7 15.Bh6 Ne5
16.Nxe5 Qxe5 17.Bxg7 Kxg7 18.Bf1 Re8 19.Rad1 g5 20.a5 Bd7 21.b4 b6 22.axb6 Rxb6
23.bxc5 dxc5 24.Rc1 Reb8 25.Nd1 g4 26.hxg4 Bxg4 27.Ne3 Rg6 28.Rxc5 Nb5 29.f4 Qe7
30.Rcc1 Bd7 31.e5 Qh4 32.Qf2 Qxf2+ 33.Kxf2 Nd4 34.Rb1 Rbb6 35.Rxb6 Rxb6 36.Rd1 Nf5
37.Nxf5+ Bxf5 38.d6 Bd7 39.Rc1 Rc6 40.Rxc6 Bxc6 41.Bxa6 Bd7 42.Ke3 Kf8 43.Kd4 Ke8
44.Kc5 Kd8 45.Bc4  1-0

[Event "Open"]
[Site "Korinthos GRE"]
[Date "2001.07.31"]
[Round "4"]
[White "Najer,E"]
[Black "Gelashvili,T"]
[Result "1-0"]
[WhiteElo "2599"]
[BlackElo "2506"]

1.d4 d5 2.c4 e6 3.Nc3 Nf6 4.Bg5 Be7 5.Nf3 h6 6.Bxf6 Bxf6 7.e3 c6 8.Qc2 Nd7
9.O-O-O Qa5 10.Kb1 a6 11.e4 dxc4 12.e5 Be7 13.Bxc4 b5 14.Bxe6 fxe6 15.Qg6+ Kd8
16.d5 Nf8 17.dxc6+ Kc7 18.Qf7 Ra7 19.Qxe7+ Kb8 20.Qd6+ Rc7 21.Qc5 Nd7 22.Rxd7 Bxd7
23.Nd4 Bxc6 24.Nxc6+ Ka8 25.Rd1 Rhc8 26.Rd6 Rf7 27.Rxe6 Rd7 28.a4 Qd8 29.axb5 Qg5
30.Qb6 Qf5+ 31.Ka1  1-0

[Event "Open"]
[Site "Korinthos GRE"]
[Date "2001.08.01"]
[Round "5"]
[White "Nikolaidis,I"]
[Black "Najer,E"]
[Result "0-1"]
[WhiteElo "2531"]
[BlackElo "2599"]

1.d4 d5 2.c4 e6 3.Nf3 c6 4.Qc2 Nf6 5.Bg5 dxc4 6.Qxc4 b5 7.Qc2 Bb7 8.e4 Qb6
9.Nc3 Nbd7 10.e5 Nd5 11.Nxd5 cxd5 12.Qb3 h6 13.Bd2 b4 14.Rc1 Ba6 15.Qa4 Bxf1
16.Rxf1 Be7 17.Ke2 Qb7 18.Rc6 O-O 19.Rfc1 Nb6 20.Qb5 Rfc8 21.b3 Rxc6 22.Rxc6 Rb8
23.Rc2 a6 24.Qa5 Na8 25.Ne1 Qa7 26.Rc5 Bxc5 27.dxc5 Qc7 28.Bxb4 Qxe5+ 29.Kf1 Qxh2
30.Bc3 Nc7 31.Nf3 Qh1+ 32.Ke2 Rc8 33.Be5 Nb5 34.a4 Rxc5 35.axb5 axb5 36.Bf4 Qxg2
37.Qb4 Rc2+ 38.Bd2 Qg6 39.Qf4 Rc8 40.Nd4 Qh5+ 41.Qf3 Qxf3+ 42.Kxf3 e5  0-1

[Event "Open"]
[Site "Korinthos GRE"]
[Date "2001.08.03"]
[Round "7"]
[White "Spasov,V"]
[Black "Najer,E"]
[Result "1/2-1/2"]
[WhiteElo "2569"]
[BlackElo "2599"]

1.e4 c5 2.Nf3 d6 3.d4 cxd4 4.Nxd4 Nf6 5.Nc3 a6 6.Be3 e6 7.g4 h6 8.f3 b5 9.Qd2 Nbd7
10.O-O-O Bb7 11.h4 b4 12.Na4 Qa5 13.b3 Nc5 14.a3 Nxa4 15.axb4 Qc7 16.bxa4 d5
17.e5 Nd7 18.f4 Nb6 19.f5 Nxa4 20.fxe6 Nc3 21.exf7+ Kxf7 22.Bd3 Bxb4 23.Qf2+ Kg8
24.Qf5 Re8 25.Rdf1 Rxe5 26.Bf4 Na2+ 27.Kd1  1/2-1/2

[Event "Open"]
[Site "Korinthos GRE"]
[Date "2001.08.04"]
[Round "8"]
[White "Najer,E"]
[Black "Graf,A"]
[Result "1/2-1/2"]
[WhiteElo "2599"]
[BlackElo "2610"]

1.d4 Nf6 2.c4 e6 3.Nf3 b6 4.g3 Bb7 5.Bg2 Be7 6.O-O O-O 7.Nc3 Na6 8.Bf4 Re8
9.a3 Ne4 10.Nxe4 Bxe4 11.b4 Bf6 12.Be5 Nb8 13.Bxf6 Qxf6 14.Ne5 Bxg2 15.Kxg2 d6
16.Nf3 Nc6 17.e3 Qg6  1/2-1/2

[Event "7th Stage Russian Cup"]
[Site "Togliatty RUS"]
[Date "2001.08.08"]
[Round "1"]
[White "Geller,J"]
[Black "Najer,E"]
[Result "1-0"]
[WhiteElo "2355"]
[BlackElo "2599"]

1.e4 c5 2.Nc3 Nc6 3.f4 g6 4.Nf3 Bg7 5.Bb5 Nd4 6.a4 e6 7.d3 Ne7 8.e5 O-O 9.Ne4 d5
10.exd6 Nef5 11.Nxd4 cxd4 12.Bd2 Ne3 13.Bxe3 dxe3 14.c3 f5 15.Ng5 Qxd6 16.Qf3 h6
17.Nh3 Qb6 18.Qe2 e5 19.fxe5 f4 20.d4 g5 21.a5 Qg6 22.Bd3 Qc6 23.Bb5 Qg6
24.Bd3 Qc6 25.Bc4+ Kh8 26.d5 Qc5 27.Nxg5 hxg5 28.Qh5+ Kg8 29.Ba2 Rf5 30.d6+ Kf8
31.Qh7 Rf7 32.Qg6 Rf5 33.Qh7 Rf7 34.Qg6 Rf5 35.O-O-O e2 36.d7 Qe3+ 37.Kc2 Qe4+
38.Rd3 Bxd7 39.Qd6+  1-0

[Event "7th Stage Russian Cup"]
[Site "Togliatty RUS"]
[Date "2001.08.10"]
[Round "3"]
[White "Ayupov,D"]
[Black "Najer,E"]
[Result "1/2-1/2"]
[WhiteElo "2313"]
[BlackElo "2599"]

1.d4 Nf6 2.c4 e6 3.Nc3 Bb4 4.e3 O-O 5.Ne2 d5 6.a3 Be7 7.cxd5 exd5 8.g3 c6
9.Bg2 Na6 10.O-O Nc7 11.b4 a5 12.bxa5 Rxa5 13.Bb2 Nce8 14.a4 Nd6 15.Ba3 Re8
16.Nc1 Bg4 17.Bf3 Bxf3 18.Qxf3 Nde4 19.Nxe4 dxe4 20.Qe2 Qa8 21.Bxe7 Rxe7
22.Qc2 h5 23.Ra2 h4 24.Kg2 Re8 25.Ne2 Qc8 26.h3 hxg3 27.Nxg3 Rg5 28.Kh2 Rg6
29.Rh1 Nd5 30.Ra3 f5 31.Qd2 Rf8 32.Ne2 Qc7+ 33.Nf4 Qd6 34.Rb3 c5 35.Rc1 Nxf4
36.exf4 cxd4 37.Rxb7 Qa3 38.Qd1 Qd6 39.Qd2 Qa3 40.Qd1 Ra8 41.Qh5 Qxc1 42.Qxg6 Qxf4+
43.Kg2 Qh6 44.Qf7+ Kh7 45.Qxf5+ Qg6+ 46.Qxg6+ Kxg6 47.Re7 Kf5 48.Rxg7 Rxa4
49.Kf1 Ra3 50.Rh7 Ke5 51.h4 Kd5 52.h5 Kc4 53.Rc7+ Kd3 54.h6 Ra1+ 55.Kg2 Ra6
56.h7 Rh6 57.Rd7 Kc3 58.Kg3 d3 59.Kf4 d2 60.Ke3 Rxh7 61.Rxd2 Rh3+ 62.Ke2 Rd3  1/2-1/2

[Event "7th Stage Russian Cup"]
[Site "Togliatty RUS"]
[Date "2001.08.11"]
[Round "4"]
[White "Najer,E"]
[Black "Torbin,K"]
[Result "1-0"]
[WhiteElo "2599"]
[BlackElo "2323"]

1.d4 d5 2.c4 dxc4 3.Nf3 Nf6 4.Nc3 a6 5.e4 b5 6.e5 Nd5 7.a4 e6 8.axb5 Bb4
9.Qc2 Nb6 10.Qe4 Qd5 11.Qg4 axb5 12.Rxa8 Qxa8 13.Be2 Kf8 14.O-O Bxc3 15.bxc3 h6
16.Qh4 Nc6 17.Ng5 Ne7 18.Bf3 Nbd5 19.Qh5 Ng6 20.Nxf7 Kxf7 21.Be4 Nf4 22.Qf3 Qa5
23.Bxf4 Nxf4 24.Qxf4+ Ke7 25.Qg3 Kf8 26.f4 b4 27.Qh4 c5 28.d5 Bb7 29.f5 exd5
30.f6 g5 31.Qg4 Qc7 32.e6 dxe4 33.e7+ Ke8 34.Qe6 Rf8 35.f7+  1-0

[Event "7th Stage Russian Cup"]
[Site "Togliatty RUS"]
[Date "2001.08.15"]
[Round "8"]
[White "Zakharevich,I"]
[Black "Najer,E"]
[Result "0-1"]
[WhiteElo "2477"]
[BlackElo "2599"]

1.d4 Nf6 2.c4 g6 3.Nc3 d5 4.cxd5 Nxd5 5.Bd2 Bg7 6.e4 Nb6 7.Be3 O-O 8.Bb5 Be6
9.d5 Bd7 10.Be2 c6 11.Nf3 cxd5 12.exd5 Bg4 13.Bd4 Bxf3 14.Bxf3 Bxd4 15.Qxd4 e5
16.Qd1 f5 17.O-O N8d7 18.d6 e4 19.Be2 Kg7 20.Nd5 Nxd5 21.Qxd5 Nb6 22.Qxb7+ Rf7
23.Qa6 Qxd6 24.a4 Qe5 25.Qb5 Qxb5 26.Bxb5 a6 27.Be2 Rc7 28.a5 Nd5 29.Rfc1 Rb7
30.Bc4 Nb4 31.Rd1 Raa7 32.Rd6 Rd7 33.Rad1 Rxd6 34.Rxd6 Rc7 35.b3 Rc5 36.g3 Rxa5
37.Rb6 Ra1+ 38.Kg2 a5 39.g4 fxg4 40.Rb7+ Kh6 41.Re7 Rc1 42.Kg3 Nc6 43.Re8 Kg5
44.h4+ gxh3 45.f4+ Kh5  0-1

[Event "ECC"]
[Site "Panormo GRE"]
[Date "2001.09.23"]
[Round "1"]
[White "Forman,S"]
[Black "Najer,E"]
[Result "0-1"]
[WhiteElo "2246"]
[BlackElo "2599"]

1.d4 d5 2.Nf3 Nf6 3.e3 Bf5 4.Bd3 e6 5.Bxf5 exf5 6.c4 dxc4 7.Qa4+ c6 8.Qxc4 Bd6
9.Bd2 Qe7 10.O-O Nbd7 11.a3 Nb6 12.Qb3 O-O 13.Nc3 Ne4 14.a4 Rab8 15.a5 Nd7
16.Qc2 Rfe8 17.Ra4 Rbc8 18.Qd3 Bb8 19.Ne2 Qd6 20.Ra3 Ng5 21.Ng3 Nxf3+ 22.gxf3 g6
23.Rb3 c5 24.dxc5 Qxd3 25.Rxd3 Ne5 26.Rd5 Nxf3+ 27.Kg2 Nxd2 28.Rxd2 Rxc5
29.b4 Rb5 30.Rb1 f4 31.exf4 Bxf4 32.Rd7 Re6 33.f3 Rd6 34.Re7 Rd2+ 35.Kh3 Bd6
36.Rd7 a6 37.Rb3 h6 38.Re3 Rh5+ 39.Nxh5 Rxh2+ 40.Kg4 f5+  0-1

[Event "ECC"]
[Site "Panormo GRE"]
[Date "2001.09.24"]
[Round "2"]
[White "Najer,E"]
[Black "Petrenko,S"]
[Result "1/2-1/2"]
[WhiteElo "2599"]
[BlackElo "2357"]

1.d4 Nf6 2.c4 g6 3.Nc3 d5 4.cxd5 Nxd5 5.Bd2 Bg7 6.e4 Nxc3 7.Bxc3 O-O 8.Rc1 c6
9.Be2 e5 10.dxe5 Qg5 11.h4 Qf4 12.Nf3 Bg4 13.h5 Bxf3 14.Bxf3 Bxe5 15.hxg6 hxg6
16.g3 Qf6 17.Be2 Rd8 18.Qb3 Nd7 19.f4 Bxc3+ 20.Rxc3 Nb6 21.Re3 Re8 22.O-O Qd4
23.Rd1 Qc5 24.Qa3 Qxa3 25.bxa3 Nd5 26.Rb3 Rxe4 27.Bf3 Re7 28.Bxd5 cxd5 29.Rxd5 Rc8
30.Rd2 Rc4 31.Kf2 Rec7 32.Ke2 Rc3 33.Rd3 Rc1 34.Rd2 Rh1 35.Kf3 Re7 36.a4 Rf1+
37.Kg2 Rfe1 38.Kf3 R1e6 39.a5 Ra6 40.Rd5 Rc7  1/2-1/2

[Event "ECC"]
[Site "Panormo GRE"]
[Date "2001.09.26"]
[Round "4"]
[White "Najer,E"]
[Black "Kouvatsou,M"]
[Result "1-0"]
[WhiteElo "2599"]
[BlackElo "2234"]

1.e4 c5 2.Nf3 e6 3.d4 cxd4 4.Nxd4 Nf6 5.Nc3 d6 6.Be3 a6 7.f3 Be7 8.Qd2 b5
9.g4 Nfd7 10.O-O-O b4 11.Nce2 Qa5 12.a3 d5 13.exd5 Qa4 14.dxe6 bxa3 15.b3 a2
16.exd7+ Nxd7 17.Kb2 Qa3+ 18.Ka1 O-O 19.c3 Re8 20.Qxa2 Qd6 21.Ng3 Nc5 22.Bc4 Qc7
23.Rhe1 Bf8 24.Bd2 Rd8 25.Bg5 Rd7 26.Re8 a5 27.Ngf5 a4 28.Ne7+ Rxe7 29.Bxe7  1-0

[Event "ECC"]
[Site "Panormo GRE"]
[Date "2001.09.29"]
[Round "7"]
[White "Najer,E"]
[Black "Jedryczka,K"]
[Result "1-0"]
[WhiteElo "2599"]
[BlackElo "2330"]

1.e4 e5 2.Nf3 Nc6 3.Bb5 a6 4.Ba4 Nf6 5.Qe2 b5 6.Bb3 Bc5 7.d3 d6 8.c3 Be6
9.Bg5 h6 10.Bh4 Bxb3 11.axb3 Qe7 12.Nbd2 Qe6 13.Ng1 Bb6 14.Bxf6 Qxf6 15.Qf3 Qe6
16.Ne2 O-O 17.Qf5 Qxf5 18.exf5 g6 19.g4 Ne7 20.f6 Nd5 21.Ne4 Rfe8 22.h4 Nf4
23.Rd1 d5 24.N4g3 Ne6 25.Ng1 c6 26.Nf3 e4 27.dxe4 dxe4 28.Ne5 Rac8 29.Nd7 Ba7
30.Ne2 Rc7 31.O-O g5 32.hxg5 Nxg5 33.Kg2 Nf3 34.Rh1 Kh7 35.Rh5 Rh8 36.Ng3 Nd4
37.Rdh1 Kg8 38.Ne5 Ne6 39.Rxh6 Rxh6 40.Rxh6 Nf4+ 41.Kf1 e3 42.fxe3 Bxe3 43.Nf5 Bc5
44.g5 Bf8 45.Rh4 Ng6 46.Nxg6 fxg6 47.Nh6+  1-0

[Event "Chigorin Mem Open"]
[Site "St Petersburg RUS"]
[Date "2001.10.02"]
[Round "8"]
[White "Yandemirov,V"]
[Black "Najer,E"]
[Result "1/2-1/2"]
[WhiteElo "2486"]
[BlackElo "2599"]

1.Nf3 c5 2.g3 Nc6 3.d4 cxd4 4.Nxd4 g6 5.Bg2 Bg7 6.Nxc6 bxc6 7.O-O Nf6 8.Nd2 O-O
9.Nb3 Qc7 10.Bd2 d6 11.Ba5 Qb7 12.Bc3 Qc7 13.Ba5 Qd7 14.Bc3 Rb8 15.Qd2 c5
16.Rfe1 Qa4 17.e4 Nd7 18.Bxg7 Kxg7 19.Qc3+ f6 20.Nd2 Qb4 21.Qxb4 cxb4 22.a3 a5
23.axb4 axb4 24.Ra7 Rb7 25.Rea1 Nc5 26.e5 Rxa7 27.Rxa7 dxe5 28.Rxe7+ Rf7
29.Rxf7+ Kxf7 30.Ne4 Nxe4 31.Bxe4 Ke6 32.Kf1 f5 33.Bd3 Kd5 34.Ke1 e4 35.Bb5 g5
36.Kd2 Kd4 37.c3+ bxc3+ 38.bxc3+ Ke5 39.Ke3 f4+ 40.gxf4+ gxf4+ 41.Kd2 h6  1/2-1/2

[Event "Chigorin Mem Open"]
[Site "St Petersburg RUS"]
[Date "2001.10.28"]
[Round "3"]
[White "Grigoriants,S RUS"]
[Black "Najer,E"]
[Result "0-1"]
[WhiteElo "2441"]
[BlackElo "2599"]

1.c4 e5 2.Nc3 Nc6 3.a3 Nf6 4.d3 g6 5.g3 Bg7 6.Bg2 O-O 7.e3 d6 8.Nge2 Be6
9.Nd5 Qd7 10.O-O Bh3 11.Bxh3 Qxh3 12.f3 Nxd5 13.cxd5 Ne7 14.Qb3 Rab8 15.e4 Qd7
16.Bg5 c5 17.a4 f5 18.Qb5 Qc7 19.Qc4 Nc8 20.Bd2 Nb6 21.Qc2 Rbc8 22.a5 Nd7
23.Qc4 Rf7 24.Kg2 Bf8 25.Rfc1 Be7 26.Nc3 Qd8 27.Rc2 a6 28.Qb3 Rc7 29.Nb1 Bg5
30.Na3 Bxd2 31.Rxd2 Qg5 32.Nc4 Nf6 33.h4 Qh6 34.Qc3 Rcd7 35.Rh1 Nh5 36.Rf2 Qf8
37.Qd2 Rf6 38.Rb1 Rdf7 39.Rbf1 Rg7 40.Kh2 Rgf7 41.Kg2 Rg7 42.f4 exf4 43.gxf4 fxe4
44.dxe4 Rgf7 45.e5 Rxf4 46.Rxf4 Nxf4+ 47.Kh1 dxe5 48.Nxe5 Rf5 49.Ng4 h5 50.Ne3 Rf6
51.Nc4 Qc8 52.Rf3 Qg4  0-1

[Event "Chigorin Mem Open"]
[Site "St Petersburg RUS"]
[Date "2001.10.30"]
[Round "5"]
[White "Najer,E"]
[Black "Zakharevich,I"]
[Result "1-0"]
[WhiteElo "2599"]
[BlackElo "2456"]

1.d4 Nf6 2.c4 e6 3.Nf3 d5 4.Nc3 dxc4 5.e4 Bb4 6.Bg5 c5 7.Bxc4 cxd4 8.Nxd4 Bxc3+
9.bxc3 Qa5 10.Bb5+ Bd7 11.Bxf6 gxf6 12.Qb3 a6 13.Be2 Nc6 14.O-O Qc7 15.Qa3 Rc8
16.Rad1 Ne5 17.Rb1 Qxc3 18.Qxc3 Rxc3 19.Rxb7 O-O 20.f4 Bc8 21.Rb3 Rxb3 22.axb3 Ng6
23.f5 Ne5 24.fxe6 fxe6 25.Rc1 Kf7 26.Rc7+ Kg6 27.Kf2 f5 28.exf5+ exf5 29.Nc6 Ng4+
30.Kg3 Be6 31.Nd4 Rf6 32.Kf4 Nf2 33.Rc6 Bd7 34.Rxa6 Rxa6 35.Bxa6 Kf6 36.b4 Nd1
37.Bc4 Nb2 38.Be2 Na4 39.b5 Nc3 40.Bc4 Na4 41.Bb3 Nb6 42.Bg8 h6 43.Bb3 Bc8
44.Nc6 Bd7 45.Ke3 Bxc6 46.bxc6 Ke5 47.g3 Na8 48.Bd1 Nc7 49.Bf3 Ne6 50.Kd3 Kd6
51.Kc4 Nc7 52.Bg2 Ne6 53.Kb5 Kc7 54.Bd5 Nd4+ 55.Kc5 Nc2 56.Bf3 Ne3 57.Be2 Ng2
58.Bd3 Ne3 59.h3 h5 60.h4 f4 61.gxf4 Ng4 62.Be2 Nf6 63.Bf3 Ng8 64.Bxh5 Ne7
65.Be8 Nf5 66.h5 Nh6 67.Bd7 Nf7 68.Kd5 Nh6 69.Ke5 Kd8 70.Kf6  1-0